| 000 | 00357nam a22001577a 4500 | ||
|---|---|---|---|
| 003 | OSt | ||
| 005 | 20211028094600.0 | ||
| 008 | 211028b |||||||| |||| 00| 0 eng d | ||
| 040 | _chu | ||
| 082 | _a307.7605 | ||
| 100 |
_acity and society _915940 |
||
| 245 | _acity and society | ||
| 260 |
_aamerican _bhall _c2006 |
||
| 300 | _a150 | ||
| 942 |
_2ddc _cBOOKS _n0 |
||
| 999 |
_c15406 _d15406 |
||